| 000 | 00607nam a2200181Ia 4500 | ||
|---|---|---|---|
| 005 | 20251020182611.0 | ||
| 008 | 200515s9999 xx 000 0 und d | ||
| 082 | _aSC/666.539/I59 | ||
| 110 | _aIninvi | ||
| 245 | 0 | _aPiedra Pómez | |
| 260 | _aLima | ||
| 260 | _cs. a. | ||
| 300 | _as.n. | ||
| 520 | _aSeñala las propiedades físicas y mecánicas de elementos de albañilería tales como block de concreto vibrado, muro y domos, fabricados usando como agragado la piedra y pómez trída de canteras de las pampas de Vitor - Arequipa | ||
| 650 | _aPIEDRA POMEZ | ||
| 650 | _aPUB ININVI | ||
| 942 | _cLIB | ||
| 999 |
_c3353 _d3353 |
||